Commercial satellite communication /

Bibliographic Details
Main Author: Pascall, Stephan C.
Other Authors: Withers, D. J. (David J.)
Format: Book
Language:English
Published: Oxford : Focal Press, 1997.
Edition:1st ed.
Subjects:

MARC

Tag First Indicator Second Indicator Subfields
LEADER 00000cam a2200000 a 4500
001 in00001393721
005 20151020053313.0
008 970721s1997 enka b 001 0 eng d
010 |a  97189294  
020 |z 07506612355 
035 |a (OCoLC)37327521 
035 |9 AHM7712AM 
040 |a InC  |c DLC  |d TXA  |d UtOrBLW 
042 |a lccopycat 
049 |a TXAM 
050 0 4 |a TK5104  |b .P374 1997 
082 0 0 |a 621.382/5  |2 21 
100 1 |a Pascall, Stephan C. 
245 1 0 |a Commercial satellite communication /  |c Stephan C Pascall, David J Withers ; foreword by Robert Verrue. 
250 |a 1st ed. 
264 1 |a Oxford :  |b Focal Press,  |c 1997. 
300 |a xix, 442 pages :  |b illustrations ;  |c 24 cm. 
336 |a text  |b txt  |2 rdacontent 
337 |a unmediated  |b n  |2 rdamedia 
338 |a volume  |b nc  |2 rdacarrier 
504 |a Includes bibliographical references and index. 
650 0 |a Artificial satellites in telecommunication. 
650 0 |a Space industrialization. 
700 1 |a Withers, D. J.  |q (David J.) 
948 |a c:jal 
999 |a MARS 
999 f f |s 04cf5826-843c-3632-a00a-917716c268bd  |i 7c0fb923-3f3a-3286-9bf8-d7376b69be15  |t 0 
952 f f |p ric  |a Texas A&M University  |b Rellis Campus  |c Joint Library Facility  |d Remote Storage  |t 0  |e TK5104 .P374 1997  |h Library of Congress classification  |i unmediated -- volume  |m A14822448857 
998 f f |a TK5104 .P374 1997  |t 0  |l Remote Storage